| 000 | 00633nam a2200193 i 4500 | ||
|---|---|---|---|
| 001 | 114613 | ||
| 003 | ES-MaACL | ||
| 005 | 20251121130306.0 | ||
| 007 | t| | ||
| 008 | 070314s1930 sp ||||1| spa d | ||
| 100 | 1 |
_aAlonso del Real, Carlos. _920297 |
|
| 245 | 1 | 0 |
_aEvocaciones _b: Barcelona-Sevilla y sus exposiciones 1929-1930 / _cpor un estudiante. |
| 260 |
_aMadrid : _bMartín Tercero, _c1930. |
||
| 300 |
_a93 p. ; _c22 cm. |
||
| 611 | 0 | 4 |
_aExposición Internacional de Barcelona _d(1929) _9697 |
| 611 | 2 | 7 |
_aExposición Ibero-Americana. _d1929-1930. _cSevilla) _9693 |
| 852 |
_aES-MaACL _jA-353 |
||
| 999 |
_c114613 _d114613 |
||